MARC

LEADER 00000nam0a2200000 4500
001 18927
005 20231030191452.0
010 |a 5211021088 
035 |a (RuTPU)RU\TPU\book\19082 
035 |a BOOK00003770 
090 |a 18927 
100 |a 20011209d1992 m y0rusy50 ca 
101 0 |a rus 
102 |a RU 
105 |a y j 000zy 
200 1 |a Философский лабиринт  |e Сборник задач и упражнений по философии   |e учебное пособие  |f А. Н. Кочергин, Б. В. Плесский, А. И. Уемов 
210 |a Москва  |c Изд-во МГУ  |d 1992 
215 |a 173 с. 
610 1 |a философия 
610 1 |a бытие 
610 1 |a материя 
610 1 |a диалектика 
610 1 |a человек 
610 1 |a сознание 
610 1 |a общество 
610 1 |a познание 
610 1 |a культура 
610 1 |a задачи 
610 1 |a упражнения 
610 1 |a практические пособия 
610 1 |a учебные пособия 
686 |a Ю0/8я73  |v LBC/SL-A  |2 rubbk 
686 |a А5я73  |v LBC/SL-A  |2 rubbk 
700 1 |a Кочергин  |b А. Н. 
701 1 |a Плесский  |b Б. В. 
701 1 |a Уемов  |b А. И.  |g Авенир Иванович 
801 0 |a RU  |b 63413507  |c 20011209  |g PSBO 
801 2 |a RU  |b 63413507  |c 20220909  |g PSBO 
942 |c BK